| 000 | 00588nam a22001697a 4500 | ||
|---|---|---|---|
| 003 | OSt | ||
| 005 | 20140310182446.0 | ||
| 008 | 130312t xxu||||| |||| 00| 0 eng d | ||
| 020 | _a1929007604 | ||
| 050 |
_aRM 301 _b.R136 2005 |
||
| 245 |
_aNetter’s illustrated pharmacology / _cRobert B. Raffa, Elena Beyzarov, Scott Rawls ; illustrations by Frank H. Netter ; contributing illustrators, James A. Perkins ... [et al.]. |
||
| 260 |
_aTeterboro, NJ : _bIcon Learning Systems, _cc2004. |
||
| 300 |
_c28 cm. _axxvii. 411 p. ; |
||
| 541 | _j1 | ||
| 562 | _e1 | ||
| 942 |
_2lcc _cSSLC |
||
| 999 |
_c13610 _d13610 |
||